000 01029nam a2200313 i 4500
001 17106
003 ES-MaACL
005 20250825062715.0
007 t|
008 001220s2000 sp ||||1| spa d
017 _aB 20473-2000
_bOficina Depósito Legal Barcelona
020 _a8433905988
040 _cES-MaACL
080 _a929 Martínez, José
080 _a655.41 (443.61 P.)(091)
100 1 _aForment, Albert,
_951754
_d1961-
_eaut
245 1 0 _aJosé Martínez :
_ba epopeya de Ruedo ibérico /
_cAlbert Forment.
260 _aBarcelona :
_bAnagrama,
_c[2000]
300 _a689 páginas ;
_c22 cm.
490 1 _aArgumentos (Editorial Anagrama) ;
_v247
600 1 4 _aMartínez, José,
_d1921-1986
_977761
610 2 4 _aÉditions Ruedo ibérico-
_vHistoria.
_93432
655 0 _aBiografías
_9176647
830 1 _aArgumentos (Editorial Anagrama) ;
_v247
_9235126
852 _aES-MaACL
_jL-23952
_cDEPO1
942 _cMONOGRAFIA
_n0
999 _c17106
_d17106